000 00475nam a2200181Ia 4500
003 GCL
008 140319s9999 xx 000 0 eng d
040 _aGCL /
_cGCL
082 0 4 _a620.8
_bW E
100 1 _aWHITE, I.D.
245 1 0 _aENVIRONMENTAL SYSTEMS: AN INTRODUCTORY TEXT /
_cWHITE, I.D.
700 1 _aMOTTERSHEAD, D. N.
700 1 _aHARRISON, S. J.
260 _a[S.N] :
_bCHAPMAN & HALL ،
_c1993
300 _a616 P
650 0 4 _aENVIRONMENT
942 _2ddc
_cBK
999 _c10292
_d10292